Bersjukur. (Record no. 88991)

MARC details
000 -LEADER
fixed length control field 00573cam a22002291 4500
001 - CONTROL NUMBER
control field sa 68019607
003 - CONTROL NUMBER IDENTIFIER
control field DLC
005 - DATE AND TIME OF LATEST TRANSACTION
control field 20260227112719.0
008 - FIXED-LENGTH DATA ELEMENTS--GENERAL INFORMATION
fixed length control field 781227s1965 io 000 0 ind
010 ## - LIBRARY OF CONGRESS CONTROL NUMBER
LC control number sa 68019607
035 ## - SYSTEM CONTROL NUMBER
System control number (OCoLC)4508396
040 ## - CATALOGING SOURCE
Original cataloging agency DLC
Transcribing agency OAU
Modifying agency OCoLC
-- DLC
042 ## - AUTHENTICATION CODE
Authentication code premarc
050 00 - LIBRARY OF CONGRESS CALL NUMBER
Classification number BP188
Item number .S88
100 1# - MAIN ENTRY--PERSONAL NAME
Personal name Sulaiman, Zainuddin.
245 10 - TITLE STATEMENT
Title Bersjukur.
250 ## - EDITION STATEMENT
Edition statement Tjet. 1.
260 ## - PUBLICATION, DISTRIBUTION, ETC.
Place of publication, distribution, etc. Bandung,
Name of publisher, distributor, etc. Jajasan Kemakmuran Masdjid
Date of publication, distribution, etc. [1965?]
300 ## - PHYSICAL DESCRIPTION
Extent 34 p.
Dimensions 13 cm.
650 #0 - SUBJECT ADDED ENTRY--TOPICAL TERM
Topical term or geographic name entry element Religious life
General subdivision Islam
650 #0 - SUBJECT ADDED ENTRY--TOPICAL TERM
Topical term or geographic name entry element Gratitude.

No items available.

Powered by Koha